Normal view MARC view
  • Zeratsky, John

Entry Corporate Name

Number of records used in: 1

001 - CONTROL NUMBER

  • control field: 216306

003 - CONTROL NUMBER IDENTIFIER

  • control field: OSt

005 - DATE AND TIME OF LATEST TRANSACTION

  • control field: 20260109162513.0

008 - FIXED-LENGTH DATA ELEMENTS

  • fixed length control field: 260109|| aca||aabn | a|a d

040 ## - CATALOGING SOURCE

  • Original cataloging agency: OSt
  • Transcribing agency: OSt

110 ## - HEADING--CORPORATE NAME

  • Corporate name or jurisdiction name as entry element: Zeratsky, John

670 ## - SOURCE DATA FOUND

  • Source citation: Work cat.: (OSt)369847: Knapp, Jake 216304, Make Time : How to Focus on What Matters Every Day, 2018